[Event "Dhaka Chowdhury Memorial op-B 2nd"]
[Site "Dhaka"]
[Date "2022.07.02"]
[Round "1"]
[White "Mohammed, Shaker Ullah"]
[Black "Md Sohel, Rana Pritom"]
[Result "1-0"]
[WhiteElo "1870"]
[BlackElo "1556"]
[PlyCount "35"]
[EventDate "2022.07.02"]
[EventType "swiss"]
[EventRounds "9"]
[EventCountry "BAN"]
[SourceTitle "EXT 2023"]
[Source "ChessBase"]
[SourceDate "2022.10.05"]
[SourceVersion "1"]
[SourceVersionDate "2022.10.05"]
[SourceQuality "1"]

1. e4 e5 2. Nf3 d6 3. Bc4 f5 4. d3 Nc6 5. a3 Nd4 6. Nxd4 exd4 7. 0-0 fxe4 8. dxe4 c5 9. c3 dxc3 10. Nxc3 Nf6 11. Re1 Be7 12. Bg5 Bg4 13. Qb3 Qc7 14. Nd5 Nxd5 15. exd5 0-0 16. Rxe7 Qc8 17. Qxb7 Qf5 18. Be3 1-0